| 000 | 01275cam a22003135i 4500 | ||
|---|---|---|---|
| 999 |
_c12666 _d12666 |
||
| 003 | EG-ScBUE | ||
| 005 | 20201124141819.0 | ||
| 008 | 090820s1998 ua f b i000 0 ara d | ||
| 020 | _a9770157244 | ||
| 040 |
_aEG-ScBUE _bara _erda _cEG-ScBUE _dEG-ScBUE |
||
| 043 | _ae-sp--- | ||
| 082 | 0 | 4 |
_a946.8 _bم ق ر _222 |
| 100 | 1 |
_aمقري، أحمد بن محمد، _d992؟-1041 هـ.، _eمؤلف. |
|
| 245 | 1 | 2 |
_aالمختار من نفح الطيب / _cتأليف أحمد المقري ؛ تحقيق وشرح أحمد نجاتي. |
| 246 | 3 | 4 | _aمختار من نفح الطيب في غصن الأندلس الرطيب |
| 264 | 1 |
_a[القاهرة] : _bالهيئة المصرية العامة للكتاب، _c1998. |
|
| 300 |
_a98 صفحة ؛ _c20 سم. |
||
| 336 |
_2rdacontent _aنص _btxt |
||
| 337 |
_2rdamedia _aبدون وسيط _bn |
||
| 338 |
_2rdacarrier _aمجلد _bnc |
||
| 490 | 0 |
_aمهرجان القراءة للجميع. _aمكتبة الأسرة. _aالتراث |
|
| 504 | _aيشتمل على إرجاعات ببليوجرافية. | ||
| 590 | _arana gobara | ||
| 651 | 7 |
_aالأندلس _xتاريخ. _2BUEsh |
|
| 653 |
_bHHUUEENN _cJuly2019 |
||
| 655 |
_vReading book _934232 |
||
| 700 | 1 |
_4نجاتي، أحمد، _eمحقق. |
|
| 942 |
_2ddc _cBB |
||